twice songs - Statistics

General Stats
  • This quiz has been taken 148 times
  • The average score is 64 of 133
Answer Stats
album song % Correct
signal signal
94%
the feels the feels
94%
twicetagram likey
90%
twicecoaster: lane 1 TT
90%
fancy you fancy
89%
feel special feel special
88%
yes or yes yes or yes
88%
the story begins like ooh-ahh
86%
what is love? what is love?
86%
summer nights dance the night away
85%
more & more more & more
85%
page two cheer up
83%
cry for me cry for me
81%
candy pop candy pop
80%
merry & happy heart shaker
79%
kura kura kura kura
79%
breakthrough breakthrough
78%
twicecoaster: lane 2 knock knock
75%
merry & happy
75%
perfect world perfect world
75%
wake me up wake me up
75%
bdz bdz
74%
happy happy happy happy
74%
eyes wide open i can't stop me
73%
taste of love alcohol-free
72%
better better
72%
fanfare fanfare
72%
one more time one more time
70%
the best thing i ever did the best thing i ever did
69%
i want you back i want you back
67%
ho!
59%
stay by my side stay by my side
59%
one in a million
56%
strawberry
56%
queen
54%
l.o.v.e
53%
turtle
53%
do it again
52%
rainbow
52%
sos
52%
up no more
52%
21:29
51%
candy boy
51%
eye eye eyes
51%
first time
51%
scandal
49%
stuck
49%
firework
48%
jelly jelly
48%
touchdown
48%
baby blue love
47%
chillax
47%
ice cream
47%
like a fool
47%
1 to 10
46%
get loud
46%
hot
46%
rollin'
46%
dejavu
44%
hell in heaven
44%
oxygen
44%
say yes
44%
stuck in my head
44%
trick it
44%
turn it up
44%
24/7
43%
conversation
43%
girls like us
43%
go hard
42%
look at me
42%
my headphones on
42%
sweet talker
42%
brand new girl
41%
love foolish
41%
precious love
41%
say something
41%
shadow
41%
truth
41%
do what we like
40%
&twice fake & true
40%
ffw
40%
going crazy
40%
ponytail
40%
shot thru the heart
40%
someone like me
40%
believer
38%
lalala
38%
make me go
38%
missing u
38%
pit-a-pat
38%
tuk tok
38%
behind the mask
37%
handle it
37%
shot clock
37%
sweet summer day
37%
woohoo
37%
love line
36%
next page
36%
sunset
36%
wow
36%
be as one
35%
depend on you
35%
ding dong
35%
hold me tight
35%
jaljayo good night
35%
only you
35%
say you love me
35%
three times a day
35%
you in my heart
35%
don't call me again
33%
don't give up
33%
strawberry moon
32%
after moon
31%
luv me
31%
thank you, family
31%
pink lemonade
30%
bring it back
28%
scorpion
28%
young & wild
28%
in the summer
25%
four-leaf clover
23%
promise
23%
wishing
23%
changing!
21%
good at love
21%
say it again
21%
be ok
20%
polish
19%
stronger
19%
what you waiting for
19%
pieces of love
17%
the reason why
17%
how u doin
15%
No matching quizzes found
Score Distribution
Percent of People with Each Score
Percentile by Number Answered
Your Score History
You have not taken this quiz